Youtubers by Picture #4 - Statistics

General Stats
  • This quiz has been taken 8 times
  • The average score is 8 of 16
Answer Stats
Picture Answer % Correct
Burak Şahin
100%
Ferit Karakaya
100%
Erkan Porçay
67%
Hürkan Gügen
67%
Ali Kopat
50%
Cem Ceyhan
50%
Cem Saraç
50%
Mert Eren Bülbül
50%
Yavuz Selim
50%
Ahmet Can Dündar
33%
Can Yavuz
33%
Cihan Albayrak
33%
Mehmet Oğuzhan Özyetiş
33%
Turgut Ekim
33%
Yunus Emre Şimşek
33%
Alperen İşdar
17%
No matching quizzes found
Score Distribution
Percent of People with Each Score
Percentile by Number Answered
Your Score History
You have not taken this quiz